000 00320nam a22001457a 4500
008 210305b ||||| |||| 00| 0 eng d
020 _a9780412445903
041 _aeng
080 _a91
082 _a91
100 _a42
101 _aGJEO
245 _aKarst Geomorphology and Hydrology
_cFord, D
942 _2udc
_cBK
999 _c55869
_d55869